La unificación de Europa: antecedentes y problemas
Salvato in:
| Autore principale: | |
|---|---|
| Natura: | Libro |
| Lingua: | spagnolo |
| Pubblicazione: |
Buenos Aires
INTAL
1966
|
| Soggetti: | |
| Tags: |
Aggiungi Tag
Nessun Tag, puoi essere il primo ad aggiungerne!!
|
MARC
| LEADER | 00000nam a2200000 a 4500 | ||
|---|---|---|---|
| 001 | UCT8117 | ||
| 003 | CL-VaPUC | ||
| 008 | 970317e19660000AG |||||||||||||||||spa|d | ||
| 082 | 0 | 4 | |a 337.14 |b HAL |2 21 |
| 100 | 0 | |a Hallstein, Walter |e author |9 379608 | |
| 245 | 1 | 3 | |a La unificación de Europa: antecedentes y problemas |
| 300 | |a 133 p | ||
| 942 | |c BK | ||
| 945 | |d 19970317 00:00:00 |a paguirre | ||
| 260 | |a Buenos Aires |b INTAL |c 1966 | ||
| 650 | 0 | |a Integración regional |9 376371 | |
| 650 | 0 | |a Mercado común |9 378790 | |
| 650 | 0 | |a Política comercial |9 259070 | |
| 650 | 7 | |a RELACIONES ECONOMICAS EXTERIORES |2 CL-VaPUC |9 259071 | |
| 650 | 0 | |a Acuerdos comerciales |9 337377 | |
| 650 | 0 | |a Cooperación internacional |9 255447 | |
| 651 | 0 | |a Europa |9 255156 | |
| 583 | |a last modification |c 19970317 00:00:00 |k Rodrigo Vera | ||
| 999 | |c 256648 |d 256646 | ||
| 952 | |0 0 |1 0 |4 0 |6 337_140000000000000_HAL_1966 |7 0 |8 A |9 279475 |a BIBDER |b BIBDER |d 2019-11-19 |i 181298K |o 337.14 HAL 1966 |p 181298K |r 2023-01-25 |w 2019-11-19 |y BK |k DER | ||
| 952 | |0 0 |1 0 |4 0 |6 337_140000000000000_HAL_1966 |7 0 |8 A |9 279476 |a BIBENE |b BIBENE |d 2019-11-19 |i 1985590 |o 337.14 HAL 1966 |p 1985590 |r 2025-01-15 |w 2019-11-19 |y BK |k ICO | ||
| 952 | |0 0 |1 0 |4 0 |6 337_140000000000000_HAL_1966 |7 0 |8 A |9 279477 |a BIBDER |b BIBDER |d 2019-11-19 |i 4683641 |o 337.14 HAL 1966 |p 4683641 |r 2023-01-25 |w 2019-11-19 |y BK |k DER | ||